Príčiny a dopady pracovnej migrácie
Analýza pracovnej migrácie a jej dopad na trh práce v Slovenskej republike. Migranti na slovenskom trhu práce. Faktory plytvania kvalifikačným potenciálom. Remitencie ako prvok svetovej migrácie.
Salvato in:
| Autore principale: | |
|---|---|
| Altri autori: | , |
| Natura: | Capitolo di libro |
| Lingua: | slovacco |
| Soggetti: | |
| Tags: |
Nessun Tag, puoi essere il primo ad aggiungerne!!
|
MARC
| LEADER | 00000naa a2200000 4500 | ||
|---|---|---|---|
| 001 | 0267087 | ||
| 005 | 20260205072428.3 | ||
| 041 | 0 | |a slo | |
| 044 | |a SK | ||
| 245 | 1 | 0 | |a Príčiny a dopady pracovnej migrácie |c Ivana Lennerová, Eleonóra Matoušková, Karol Trnovský |
| 520 | |a Analýza pracovnej migrácie a jej dopad na trh práce v Slovenskej republike. Migranti na slovenskom trhu práce. Faktory plytvania kvalifikačným potenciálom. Remitencie ako prvok svetovej migrácie. | ||
| 610 | 2 | 0 | |a migrácia |
| 610 | 2 | 0 | |a sily pracovné |
| 610 | 2 | 0 | |a trh práce |
| 610 | 2 | 0 | |a remitencie |
| 100 | 1 | |a Lennerová, Ivana, 1979- | |
| 700 | 1 | |a Matoušková, Eleonóra, 1962- | |
| 700 | 1 | |a Trnovský, Karol, 1983- | |